000 004040000a22001690004500
003 LK-CoMWRAF
005 20230923065439.0
008 230817t ||||| |||| 00| 0 eng d
040 _aLK-CoMWRAF
_dLK-CoMWRAF
_eLK-CoMWRAF
041 _aeng
082 _a297.122
_bMUK
100 _aMukthar, Nafeela
245 _aPonder :
_bSays the Holy Koran
300 _a20p
650 _aIslam-Quran
942 _cBK
999 _c1754
_d1754